<?xml version="1.0" encoding="UTF-8"?>
<record
    xmlns:xsi="http://www.w3.org/2001/XMLSchema-instance"
    xsi:schemaLocation="http://www.loc.gov/MARC21/slim http://www.loc.gov/standards/marcxml/schema/MARC21slim.xsd"
    xmlns="http://www.loc.gov/MARC21/slim">

  <leader>00959nam a2200301 i 4500</leader>
  <controlfield tag="001">ocm00842372</controlfield>
  <controlfield tag="003">armounm</controlfield>
  <controlfield tag="005">20260319064106.0</controlfield>
  <controlfield tag="008">010425s2000    argfop        001 1 spadd</controlfield>
  <datafield tag="020" ind1=" " ind2=" ">
    <subfield code="a">987980340X</subfield>
  </datafield>
  <datafield tag="040" ind1=" " ind2=" ">
    <subfield code="c">AR-MoUNM</subfield>
  </datafield>
  <datafield tag="082" ind1="0" ind2=" ">
    <subfield code="2">398.2</subfield>
    <subfield code="a">20</subfield>
    <subfield code="b">GARCI 216</subfield>
  </datafield>
  <datafield tag="100" ind1="1" ind2=" ">
    <subfield code="9">3579</subfield>
    <subfield code="a">Garc&#xED;a, Silvia</subfield>
  </datafield>
  <datafield tag="245" ind1="1" ind2="0">
    <subfield code="a">Cuentos de las tres abuelas :</subfield>
    <subfield code="b">narrativa de Antofagasta de la Sierra / </subfield>
    <subfield code="c">Silvia P. Garc&#xED;a, Diana S. Rolandi.</subfield>
  </datafield>
  <datafield tag="260" ind1=" " ind2=" ">
    <subfield code="a">Buenos Aires : </subfield>
    <subfield code="b">UNESCO, </subfield>
    <subfield code="c">2000</subfield>
  </datafield>
  <datafield tag="300" ind1=" " ind2=" ">
    <subfield code="a">238 p. : </subfield>
    <subfield code="b">il. ; </subfield>
    <subfield code="c">22 cm</subfield>
  </datafield>
  <datafield tag="504" ind1=" " ind2=" ">
    <subfield code="a">p. 237-238</subfield>
  </datafield>
  <datafield tag="650" ind1=" " ind2="7">
    <subfield code="a">NARRACION DE CUENTOS</subfield>
    <subfield code="2">unescot</subfield>
    <subfield code="9">173</subfield>
  </datafield>
  <datafield tag="650" ind1=" " ind2="7">
    <subfield code="a">LITERATURA POPULAR</subfield>
    <subfield code="2">unescot</subfield>
    <subfield code="9">1937</subfield>
  </datafield>
  <datafield tag="650" ind1=" " ind2="7">
    <subfield code="a">LITERATURA</subfield>
    <subfield code="z">ARGENTINA</subfield>
    <subfield code="2">unescot</subfield>
    <subfield code="9">1913</subfield>
  </datafield>
  <datafield tag="650" ind1=" " ind2="7">
    <subfield code="a">ANTOLOGIA</subfield>
    <subfield code="9">1337</subfield>
  </datafield>
  <datafield tag="650" ind1=" " ind2="7">
    <subfield code="a">TRADICI&#xD3;N ORAL</subfield>
    <subfield code="2">unescot</subfield>
    <subfield code="9">1398</subfield>
  </datafield>
  <datafield tag="651" ind1=" " ind2="7">
    <subfield code="2">unescot</subfield>
    <subfield code="a">ARGENTINA</subfield>
    <subfield code="9">2590</subfield>
  </datafield>
  <datafield tag="653" ind1=" " ind2=" ">
    <subfield code="a">CUENTOS POPULARES</subfield>
  </datafield>
  <datafield tag="653" ind1=" " ind2=" ">
    <subfield code="a">CUENTO ARGENTINO</subfield>
  </datafield>
  <datafield tag="700" ind1="1" ind2=" ">
    <subfield code="a">Rolandi, Diana S.</subfield>
    <subfield code="e">coaut.</subfield>
    <subfield code="9">3580</subfield>
  </datafield>
  <datafield tag="942" ind1=" " ind2=" ">
    <subfield code="c">LIBRO</subfield>
  </datafield>
  <datafield tag="999" ind1=" " ind2=" ">
    <subfield code="c">1315</subfield>
    <subfield code="d">1315</subfield>
  </datafield>
  <datafield tag="952" ind1=" " ind2=" ">
    <subfield code="0">0</subfield>
    <subfield code="1">0</subfield>
    <subfield code="4">0</subfield>
    <subfield code="7">0</subfield>
    <subfield code="a">UNM</subfield>
    <subfield code="b">UNM</subfield>
    <subfield code="d">2012-10-22</subfield>
    <subfield code="i">3035</subfield>
    <subfield code="l">0</subfield>
    <subfield code="o">398.2 GARCI 216</subfield>
    <subfield code="p">3035</subfield>
    <subfield code="r">2012-10-22 00:00:00</subfield>
    <subfield code="t">Ej. C</subfield>
    <subfield code="w">2012-10-22</subfield>
    <subfield code="y">LIBRO</subfield>
  </datafield>
</record>
